00701nam a2200205 a 4500003000400000005001700004008004100021020001800062040002400080041000800104082001500112110003700127245015800164250001200322260005200334300001000386440002800396653003600424653003500460OSt20131021172958.0131021s1995 sz ||||| |||| 00| 0 spa d a92-4-320859-4 cBiblioteca Medicina aspa bOMS IT 859 aOrganizacion Mundial de la Salud00aEvaluacion de ciertos aditivos alimentarios y contaminantes de los alimentos.b44º Informe del Comite Mixto FAO/OMS de Expertos en Aditivos Alimentarios a1º ed. aGinebrabOrganizacion Mundial de la Saludc1995 a62 p.00aInformes Tecnicos n859 aADITIVOS ALIMENTARIOS-TOXICIDAD aCONTAMINACION DE LOS ALIMENTOS